Szczegóły MARC21

Kształtowanie tożsamości kulturowej mieszkańców Pomorza Zachodniego w drugiej połowie XX wieku /

003 -Nazwa inst., której nr kontr. jest w polu 001 [,]
    • @
    • Nazwa instytucji, której n kontrolny jest w polu 001
    • NUKAT
005 -DATA I CZAS OSTATNIEJ MODYFIKACJI [,]
    • @
    • pole kontrolne
    • 20241231105649.0
020 -Międzynarod. znormalizowany nr książki - ISBN [ , ]
    • a
    • Numer ISBN
    • 8372414521 Find
040 -Instytucja sporządzająca opis [ , ]
    • a
    • Instytucja, która sporządziła opis (NP)
    • Ł U/MG
    • c
    • Instytucja, która sporządziła rekord (NP)
    • Ł U/MG
    • d
    • Instytucja, która zmodyfikowała rekord (P)
    • Ł U/GS
    • d
    • Instytucja, która zmodyfikowała rekord (P)
    • Ł U/MDs
    • d
    • Instytucja, która zmodyfikowała rekord (P)
    • WR O/KS
041 -Język dokumentu [0, ]
    • a
    • Język tekstu (P)
    • polski
    • b
    • Język streszczeń lub abstraktu (P)
    • niemiecki
942 -Rodzaj dokumentu [ , ]
    • c
    • Rodzaj dokumentu
    • Książka
100 -Hasło główne - nazwa osobowa [1, ]
    • a
    • Nazwa osobowa (NP)
    • Giedrojć, Marzenna.
    • 9
    • KHW
    • 54297
245 -Strefa tytułu i oznaczenia odpowiedzialności [1,0]
    • a
    • Tytuł
    • Kształtowanie tożsamości kulturowej mieszkańców Pomorza Zachodniego w drugiej połowie XX wieku / Find
    • c
    • Pozostałe elementy strefy tytułu i oznaczenia odpowiedzialności (NP)
    • Marzenna Giedrojć.
260 -Strefa adresu wydawniczego [ , ]
    • a
    • Miejsce wydania (P)
    • Szczecin :
    • b
    • Nazwa wydawcy (P)
    • Wydaw. Naukowe US,
    • c
    • Data wydania (P)
    • 2005.
300 -Strefa opisu fizycznego [ , ]
    • a
    • Określenie formy książki i/lub objętość (NP)
    • 420 s. :
    • b
    • Oznaczenie ilustracji (NP)
    • wykr. ;
    • c
    • Format (NP)
    • 24 cm.
336 -Typ zawartości [ , ]
    • a
    • Termin opisujący typ zawartości
    • Tekst
    • b
    • Kod określający zawartość
    • txt
    • 2
    • Źródło (terminu i kodu)
    • rdacontent
337 -Typ mediów [ , ]
    • a
    • Tryb odtwarzania
    • Bez urządzenia pośredniczącego
    • b
    • Kod typu mediów
    • n
    • 2
    • Źródło (terminu i kodu)
    • rdamedia
338 -Typ/rodzaj nośnika [ , ]
    • a
    • Hasło opisujące typ nośnika
    • Wolumin
    • b
    • Kod typu nośnika
    • nc
    • 2
    • Źródło (terminu i kodu)
    • rdacarrier
490 -Strefa serii i książki wielotomowej - forma nie do wyszukiwania [1, ]
    • a
    • Tytuł (P)
    • Rozprawy i Studia / Uniwersytet Szczeciński, Find
    • x
    • ISSN (NP)
    • 0860-2751 ;
    • v
    • Numeracja (P)
    • t. (633) 559
830 -Hasło dodatkowe serii i opisu książki wielotomowej - tytuł ujednolicony/tytuł [ ,0]
    • a
    • Tytuł ujednolicony/tytuł (NP)
    • Rozprawy i Studia - Uniwersytet Szczeciński
    • x
    • ISSN
    • 0860-2751
    • v
    • Oznaczenie tomu (NP)
    • t. 559
    • 9
    • KHW
    • 700
504 -Uwaga dot. bibliogr. załącznikowej [ , ]
    • a
    • Uwaga dot. bibliografii załącznikowej
    • Bibliogr. s. [369]-393.
504 -Uwaga dot. bibliogr. załącznikowej [ , ]
    • a
    • Uwaga dot. bibliografii załącznikowej
    • Indeks.
546 -Uwaga dot. języka [ , ]
    • a
    • Uwaga dot. języka
    • Streszcz. niem.
080 -Uniwersalna Klasyfikacja Dziesiętna [ , ]
    • a
    • Symbol klasyfikacji
    • 323.15(438)"1945/..."
080 -Uniwersalna Klasyfikacja Dziesiętna [ , ]
    • a
    • Symbol klasyfikacji
    • :316.64(438)"1945/..."
080 -Uniwersalna Klasyfikacja Dziesiętna [ , ]
    • a
    • Symbol klasyfikacji
    • :316.7(438)"1945/..."
080 -Uniwersalna Klasyfikacja Dziesiętna [ , ]
    • a
    • Symbol klasyfikacji
    • :261.8(438)"1945/..."
650 -Hasło przedmiotowe [ ,7]
    • a
    • Hasło przedmiotowe
    • Etniczność
    • z
    • Określnik geograficzny
    • Polska
    • z
    • Określnik geograficzny
    • Pomorze Zachodnie (region)
    • y
    • Określnik chronologiczny
    • 1945-.
    • 2
    • Źródło terminu
    • kaba
    • 9
    • KHW
    • 358857
650 -Hasło przedmiotowe [ ,7]
    • a
    • Hasło przedmiotowe
    • Mniejszości
    • x
    • Określnik rzeczowy
    • polityka publiczna
    • z
    • Określnik geograficzny
    • Polska
    • z
    • Określnik geograficzny
    • Pomorze Zachodnie (region)
    • y
    • Określnik chronologiczny
    • 1945-.
    • 2
    • Źródło terminu
    • kaba
    • 9
    • KHW
    • 358856
650 -Hasło przedmiotowe [ ,7]
    • a
    • Hasło przedmiotowe
    • Regionalizm
    • z
    • Określnik geograficzny
    • Polska
    • z
    • Określnik geograficzny
    • Pomorze Zachodnie (region)
    • y
    • Określnik chronologiczny
    • 1945-.
    • 2
    • Źródło terminu
    • kaba
    • 9
    • KHW
    • 358858
651 -Hasło przedmiotowe w formie nazwy geograficznej [ ,7]
    • a
    • Nazwa geograficzna
    • Pomorze Zachodnie (Polska ; region)
    • x
    • Określnik rzeczowy
    • stosunki międzyetniczne
    • y
    • Określnik chronologiczny
    • 1945-.
    • 2
    • Źródło terminu
    • kaba
    • 9
    • KHW
    • 358855
980 -Symbol UKD [ , ]
    • a
    • UKD
    • 323.15:316.64:316.7:261.8](438)"1945/..."
710 -Hasło dodatkowe - nazwa ciała zbiorowego [2, ]
    • a
    • Nazwa ciała zbiorowego lub nazwa geograficzna jako pierwszy element (NP)
    • Uniwersytet Szczeciński.
    • b
    • Nazwa jednostki podrzędnej (P)
    • Wydawnictwo Naukowe.
    • 4
    • Kod relacji
    • pbl
    • 9
    • KHW
    • 51208
920 -ISBN [ , ]
    • a
    • ISBN
    • 83-7241-452-1 Find
Numer inwentarzowy Status udost. Data inwentaryzacji Lokalizacja Sygnatura
Z.10457712005-05-16BGZ.104577
WM.4971-32006-02-01BGWM.4971
WM.4972-32006-02-01BGWM.4971
H.1362312005-05-16BNS 
H.25851-32014-05-22BNS